|
|
|
|
| LEADER |
01119nam a22002897a 4500 |
| 001 |
37645 |
| 003 |
BD-DhAAL |
| 005 |
20220203105803.0 |
| 008 |
220203t1989 mau b 001 0 eng d |
| 999 |
|
|
|c 43447
|d 43447
|
| 010 |
|
|
|a 88022204
|
| 020 |
|
|
|a 0205117260 (pbk.) :
|c $15.00
|
| 040 |
|
|
|a DLC
|c DLC
|d DLC
|d BD-DhAAL
|
| 050 |
0 |
0 |
|a H61
|b .B4715 1989
|
| 082 |
0 |
0 |
|a 300.72
|2 19
|
| 100 |
1 |
|
|a Berg, Bruce L.
|q (Bruce Lawrence),
|d 1954-
|9 45387
|
| 245 |
1 |
0 |
|a Qualitative research methods for the social sciences /
|c Bruce L. Berg.
|
| 260 |
|
|
|a Boston :
|b Allyn and Bacon,
|c 1989.
|
| 300 |
|
|
|a viii, 172 pages ;
|c 23 cm.
|
| 504 |
|
|
|a Includes bibliographical references and index.
|
| 526 |
|
|
|a BIED
|
| 541 |
|
|
|a Complimentary copy from BIED
|e 37645
|
| 650 |
|
0 |
|a Social sciences
|x Research
|x Methodology.
|9 45388
|
| 650 |
|
0 |
|a Qualitative research.
|9 45389
|
| 852 |
|
|
|a Ayesha Abed Library
|c General Stacks
|
| 942 |
|
|
|2 ddc
|c BK
|
| 952 |
|
|
|0 0
|1 0
|2 ddc
|4 0
|6 300_720000000000000_BER
|7 0
|9 69714
|a BRACUL
|b BRACUL
|c GEN
|d 2022-02-03
|e Complimentary copy from BIED
|l 1
|o 300.72 BER
|p 3010037645
|r 2024-04-22
|s 2024-04-22
|t 1
|w 2022-02-03
|y BK
|x BIED-N/A
|